[Event "Martinique Gratien Memorial 11th"]
[Site "Martinique"]
[Date "2024.03.25"]
[Round "3"]
[White "Ney Alexandre, Ylan"]
[Black "Francois Haugrin Buc, Swan"]
[Result "1-0"]
[WhiteElo "1644"]
[BlackElo "1199"]
[PlyCount "91"]
[EventDate "2024.03.25"]
[EventType "swiss"]
[EventRounds "9"]
[EventCountry "FRA"]
[SourceTitle "EXT 2025"]
[Source "ChessBase"]
[SourceDate "2024.10.14"]
[SourceVersion "1"]
[SourceVersionDate "2024.10.14"]
[SourceQuality "1"]

1. e4 e5 2. Nf3 Nc6 3. Bb5 Nd4 4. Nxd4 exd4 5. d3 Nf6 6. Bg5 a6 7. Bc4 d5 8. Bxd5 c6 9. Bb3 h6 10. Bh4 Be7 11. Nd2 Ng4 12. Bxe7 Qxe7 13. h3 Qh4 14. g3 Qh5 15. Qf3 0-0 16. 0-0-0 Qg5 17. Kb1 Ne5 18. Qf4 Qe7 19. Nc4 Ng6 20. Qd2 Rb8 21. a4 Be6 22. f4 f5 23. exf5 Bxf5 24. Rhe1 Qf6 25. g4 Kh8 26. gxf5 Qxf5 27. Rf1 Qxh3 28. Qf2 Rxf4 29. Qg1 Rbf8 30. Rxf4 Nxf4 31. Qxd4 Ne2 32. Qe5 Qg2 33. Re1 Rf1 34. Rxf1 Qxf1+ 35. Ka2 Nc1+ 36. Ka3 Qf8+ 37. Qd6 Qf1 38. Qb8+ Kh7 39. a5 Ne2 40. Qxb7 c5 41. Ba2 Qa1 42. Qe4+ Kg8 43. Qxe2 g6 44. Nd6+ Kg7 45. Qe7+ Kh8 46. Nf7+ 1-0